Missing Word: Literature Title Middles Quiz Stats

 Plays Quiz Updated Jul 15, 2019

Score 0/20 Timer 04:00
0 Plays Today
Title Middle Word % Correct
A _____ CarolChristmas
98%
The _____ GatsbyGreat
97.9%
The _____ MileGreen
92.9%
The _____ MachineTime
92.7%
The _____ LetterScarlet
92.4%
Rip _____ WinkleVan
90.7%
The _____ TowersTwo
86.6%
The _____ ComedyDivine
86.1%
The _____ GardenSecret
85.6%
The _____ Runner Kite
82.9%
Title Middle Word % Correct
The _____ SleepBig
81.2%
The _____ ThiefBook
78.6%
The _____ PrinceLittle
77.3%
The _____ LandWaste
65.9%
Lady _____ LoverChatterly's
64.8%
The _____ ComingSecond
59%
The _____ BiblePoisonwood
55.9%
A _____ HouseDoll's
55.5%
An _____ HusbandIdeal
42.2%
In _____ FieldsFlanders
41.9%

Today's Daily Dose

Missing Word
1940s A-Z

Quick Pick
'S' Athletes

Get the Picture
Depp or Bonham Carter

You're not logged in!

Compare scores with friends on all Sporcle quizzes.
OR
Log In

Sporcle TV

Today on Sporcle TV


Watch our educational content, quiz creation guides, and fun videos on Sporcle TV.

Show Comments

Extras

Top Quizzes Today


Score Distribution

Your Account Isn't Verified!

In order to create a playlist on Sporcle, you need to verify the email address you used during registration. Go to your Sporcle Settings to finish the process.

Report this User

Report this user for behavior that violates our Community Guidelines.

Details: